| 000 | 00435pab a2200169 454500 | ||
|---|---|---|---|
| 008 | 180718b1978 xxu||||| |||| 00| 0 eng d | ||
| 100 | _aWishwakarma, R.K. | ||
| 245 | _aUrban income distribution and employment generation: A review of literature | ||
| 260 | _c1978 | ||
| 300 | _ap.91-101. | ||
| 362 | _aOct-Dec | ||
| 650 | _aEmployment | ||
| 650 | _aIncome distribution | ||
| 773 | _aNagarlok | ||
| 908 | _aN | ||
| 909 | _a102243 | ||
| 999 |
_c102241 _d102241 |
||